| Tag |
First Indicator |
Second Indicator |
Subfields |
| LEADER |
00000cam a2200000Ii 4500 |
| 001 |
in00002049621 |
| 005 |
20151101175930.0 |
| 008 |
790119s1903 stkabf 001 0deng d |
| 035 |
|
|
|a (OCoLC)ocm04567158
|
| 040 |
|
|
|a KAT
|c KAT
|d OCLCQ
|d TXA
|d UtOrBLW
|
| 043 |
|
|
|a a-cc---
|
| 049 |
|
|
|a TXAM
|
| 090 |
|
|
|a DS772
|b .E38 1903
|
| 100 |
1 |
|
|a Edwards, E. H.
|
| 245 |
1 |
0 |
|a Fire and sword in Shansi :
|b the story of the martyrdom of foreigners and Chinese Christians /
|c by E.H. Edwards ; with introductory note by Alexander Maclaren.
|
| 264 |
|
1 |
|a Edinburgh :
|b Oliphant Anderson & Ferrier,
|c 1903.
|
| 300 |
|
|
|a 325 pages, 31 unnumbered leaves of plates :
|b illustrations, maps ;
|c 21 cm.
|
| 336 |
|
|
|a text
|b txt
|2 rdacontent
|
| 337 |
|
|
|a unmediated
|b n
|2 rdamedia
|
| 338 |
|
|
|a volume
|b nc
|2 rdacarrier
|
| 651 |
|
0 |
|a China
|x History
|y Boxer Rebellion, 1899-1901.
|
| 650 |
|
0 |
|a Missions
|z China.
|
| 994 |
|
|
|a C0
|b TXA
|
| 948 |
|
|
|a cataloged
|b h
|c 2005/6/1
|d c
|e bhartsfi
|f 10:37:58 am
|
| 999 |
|
|
|a MARS
|
| 999 |
f |
f |
|s a95ffd8a-b3f4-3ee1-bcd4-682b23b5ddb7
|i ea2e76de-e53e-3c7d-bb25-8afdfec9bb39
|t 0
|
| 952 |
f |
f |
|p ric
|a Texas A&M University
|b Rellis Campus
|c Joint Library Facility
|d Remote Storage
|t 0
|e DS772 .E38 1903
|h Library of Congress classification
|i unmediated -- volume
|m A14833757675
|
| 998 |
f |
f |
|a DS772 .E38 1903
|t 0
|l Remote Storage
|